000 00322nam a2200133Ia 4500
008 240624s9999 xx 000 0 und d
041 _aeng
082 _a158.7 LEW
100 _aSARAH LEWIS
245 _aPOSITIVE PSYCHOLOGY AT WORK
260 _c2011
_aNew Delhi
_bWiley
300 _a246 : p. : cm. ; 28
365 _c
_b28
999 _c27809
_d27809